| 000 | 00953nam a22002417a 4500 | ||
|---|---|---|---|
| 005 | 20140304093216.0 | ||
| 008 | 140304t2002 ck ab gr 10010 spa d | ||
| 041 | 0 | _aspa | |
| 044 | _ack | ||
| 082 | 0 | 4 |
_a333.9162 _bF98m |
| 111 | 2 |
_aEncuentro Mundial de Ríos _d2002 _cBogotá _914274 |
|
| 245 | 1 | 0 |
_aMemorias / _c3er. Encuentro Mundial de Ríos |
| 260 | 3 |
_aBogotá _bFundación al Verde Vivo _c2002 |
|
| 300 |
_a162 p. _bil., fot., mapas, tablas _c27 cm |
||
| 650 | 6 |
_aRíos _v Congresos, conferencias, etc.. _914275 |
|
| 650 | 6 |
_aRecursos hídricos _v Congresos, conferencias, etc.. _914276 |
|
| 650 |
_aContaminación de ríos _v Congresos, conferencias, etc.. _914277 |
||
| 650 | 6 |
_aConservación de recursos hídricos _v Congresos, conferencias, etc.. _914278 |
|
| 650 | 6 |
_aProblemas ambientales _v Congresos, conferencias, etc.. _914279 |
|
| 700 | 1 |
_aVásquez Lalinde, Fernando _eed. _914280 |
|
| 700 | 1 |
_aRoa, Carol _etr. _914281 |
|
| 942 |
_2ddc _cImpreso |
||
| 999 |
_c8211 _d8211 |
||